000 00662nam a2200277Ia 4500
005 20260324125856.0
008 008 260324s9999 xx 000 0 eng d
020 _a9780429244773
037 _aEBOOK
040 _aCRL
040 _beng
040 _cCRL
041 _2eng
041 _aeng
084 _qCRL
100 _aRaymond J. Mikulak; Robin McDermott; Michael Beauregard
_91179661
245 4 _aThe Basics of FMEA
260 _bTaylor and Francis
260 _c2008
365 _a
365 _b290
856 _uhttp://www.taylorfrancis.com/books/9780429244773
942 _cEBOOK
999 _c1775299
_d1775299